00812 2200205 4500001002100000005001700021008004100038035002400079041000800103043001200111082001100123090002200134110010500156245020200261260007300463300002200536650002100558850001200579999001500591YOGYA-0209000004212520090227025834.0 ind  0010-020900000042125 aInd aYOPDYOG a320.84 aYOG 320.84bYog L aYOGYAKARTA. (Daerah Istimewa) Pemerintah Daerah Sekretariat Wilayah Daerah Biro Bina Pemerintah Desa aLaporan pelaksanaan pembinaan penyelenggaraan pemerintah desa bagi desa-desa perbatasan berdasarkan undang-undang no.5 tahun 1979 dan peraturan pelaksanaannya di propinsi Daerah Istimewa Yogyakarta aYogyakartabBiro Bina Pemerintah Desa Setwilda Prop.D.I.Yc1990/1991 aii, 41 hlmc33 cm aDesa, Pemerintah aYOPDYOG a07A0023577